Energie pro zdravý životní styl : whole food /

Hlavní autor: Museles, Elise
Další autoři: Fuková, Eva, 1965-
Jazyk: Čeština
Vydáno: V Praze : Metafora, 2016
Vydání: Vydání první
Témata:
Fyzický popis: 176 stran : barevné ilustrace ; 25 cm
Knihy
Uloženo v:
LEADER 02089nam a2200589 i 4500
001 nkc20162797534
003 CZ PrNK
005 20160603090347.0
007 ta
008 160509s2016 xr a e f 001 0 cze
015 |a cnb002797534 
020 |a 978-80-7359-492-3  |q (brožováno) 
035 |a (OCoLC)953516494 
040 |a BOA001  |b cze  |d ABA001  |e rda 
041 1 |a cze  |h eng 
072 7 |a 641  |x Kuchařství. Potraviny. Vařená jídla  |2 Konspekt  |9 19 
080 |a 613.2  |2 MRF 
080 |a 615.874.24  |2 MRF 
080 |a 641.561  |2 MRF 
080 |a 641.563  |2 MRF 
080 |a 641.564  |2 MRF 
080 |a (083.12)  |2 MRF 
080 |a (035)  |2 MRF 
100 1 |a Museles, Elise  |7 xx0203184  |4 aut 
240 1 0 |a Whole food energy.  |l Česky 
245 1 0 |a Energie pro zdravý životní styl :  |b whole food /  |c Elise Muselesová ; z anglického originálu Whole food energy ... přeložila Eva Fuková 
250 |a Vydání první 
264 1 |a V Praze :  |b Metafora,  |c 2016 
300 |a 176 stran :  |b barevné ilustrace ;  |c 25 cm 
336 |a text  |b txt  |2 rdacontent 
337 |a bez média  |b n  |2 rdamedia 
338 |a svazek  |b nc  |2 rdacarrier 
500 |a Obsahuje rejstřík 
650 0 7 |a racionální výživa  |7 ph124968  |2 czenas 
650 0 7 |a syrová strava  |7 ph214640  |2 czenas 
650 0 7 |a dietní jídla  |7 ph114317  |2 czenas 
650 0 7 |a vegetariánská jídla  |7 ph116559  |2 czenas 
650 0 9 |a healthy eating  |2 eczenas 
650 0 9 |a raw food diet  |2 eczenas 
650 0 9 |a diet  |2 eczenas 
650 0 9 |a vegetarian cookery  |2 eczenas 
655 7 |a kuchařské recepty  |7 fd132687  |2 czenas 
655 7 |a příručky  |7 fd133209  |2 czenas 
655 9 |a cookbooks  |2 eczenas 
655 9 |a handbooks and manuals  |2 eczenas 
700 1 |a Fuková, Eva,  |d 1965-  |7 xx0032194  |4 trl 
910 2 |a BOA001  |b 2-1367.369 
990 |a BK 
995 |a 01 
991 |b 201605  |c NOV 
996 6 |b 2610670045  |c 2-1367.369  |l MZK  |r Sklad / do 1 hodiny  |n 5  |p p.v.  |w 001560551  |u 000010  |a 1  |e BOA001  |j MZK50  |s P 
996 7 |b 2610670046  |c 2-1367.369  |l MZK  |r Sklad / do 1 hodiny  |n 13  |p p.v.  |w 001560551  |u 000020  |a 1  |e BOA001  |j MZK50  |s A